000 00671nam a2200181 i 4500
001 128574
003 ES-MaACL
005 20230906193321.0
007 t|
008 070518s1966 sp ||||1| spa d
080 _a35(8.03)(04)
100 1 _aTapia, Francisco Javier.
_9138937
245 1 3 _aEl cabildo abierto colonial :
_bun estudio de la naturaleza y desarrollo del cabildo abierto durante los tres siglos de la administración colonial española en América /
_cFrancisco Xavier Tapia.
260 _aMadrid :
_bCultura Hispánica,
_c1966.
300 _a133 p. ;
_c18 cm.
651 _aAmérica española-
_xAdministración.
_9168386
852 4 _aES-MaACL
_jC-31185
999 _c128574
_d128574